Posúdenie kapacity kanalizácie mesta Sereď ako podklad k vypracovaniu plánu obnovy

Gespeichert in:
Bibliographische Detailangaben
1. Verfasser: Szabó, Zoltán, 1976- (Verfasst von)
Weitere Verfasser: Rusnák, Dušan, 1952- (Betreuung Doktorarbeit)
Format: Manuskript Buch
Sprache:Slowakisch
Veröffentlicht: Bratislava : STU v Bratislave SvF, 2010
Schlagworte:
Online-Zugang:VAIS
Tags: Tag hinzufügen
Keine Tags, Fügen Sie das erste Tag hinzu!

MARC

LEADER 00000ntm a22000003a 4500
001 stu216708
005 20160721135540.0
008 101116s2010----xo------------------slo-d
040 |a STU  |b slo 
041 0 |a slo 
044 |a xo 
100 1 |a Szabó, Zoltán,  |d 1976-  |4 aut  |X 26621  |7 A000026621 
242 0 0 |a Appraisal of the Sered town sewerage capacity as the base for the renewal elaboration plan  |y eng 
245 1 |a Posúdenie kapacity kanalizácie mesta Sereď ako podklad k vypracovaniu plánu obnovy 
260 |a Bratislava :  |b STU v Bratislave SvF,  |c 2010 
650 7 |a vodné stavby a vodné hospodárstvo  |2 stusub 
650 7 |a Hydraulic and Water Resources Engineering  |2 estusub 
650 7 |a diplomová práca  |2 stusub 
650 7 |a stoková sieť  |2 stusub 
650 7 |a čistiareň odpadových vôd  |2 stusub 
650 7 |a verejná kanalizácia  |2 stusub 
700 1 |a Rusnák, Dušan,  |d 1952-  |4 ths  |u V280  |U SvF Stavebná fakulta  |T SvF Katedra zdravotného inžinierstva  |X 719  |U V280  |Y 29  |7 A000000719 
856 4 |a info a plný text  |u http://is.stuba.sk/zp/portal_zp.pl?podrobnosti=62262  |3 VAIS